| 000 | 00797nam a2200193 a 4500 | ||
|---|---|---|---|
| 005 | 20240305063708.0 | ||
| 008 | 991125s1964 mx 000 0 spa u | ||
| 035 | _aUPN01000006097 | ||
| 049 | _aLT | ||
| 050 | 4 |
_aLB1644 M6.2 _bB3.2 1964 |
|
| 100 | 1 |
_aBarrera Valdés, Francisco _936149 |
|
| 245 | 1 | 3 |
_aEl buen ciudadano : _bsegundo curso / _cFrancisco Barrera Valdés. |
| 250 | _a4a ed. | ||
| 260 |
_aMéxico : _bPorrúa, _c1964. |
||
| 300 |
_a253 p., [1] h. pleg. : _bil. |
||
| 500 | _a"Guía de actividades prácticas para uso de los alumnos delsegundo curso de educación cívica de las escuelas secundarias, tecnológicas, técnicas, industriales, comerciales, de enseñanzas especiales y de iniciación normal" | ||
| 650 | 4 |
_aCivismo _xEstudio y enseñanza (Secundaria) _91512 |
|
| 905 | _aLibro | ||
| 999 |
_c6097 _d6097 |
||